000 01085nam0a22003011 4500
001 rc\4702200
005 20250612155651.0
021 _aRU
_b[64-54680]
035 _a(NLR Aleph) 008719127
090 _a9406564
_c9406564
100 _a20130416d1964 |||y0rusy50 ca
101 0 _arus
102 _aRU
105 _aa z |||||
200 1 _aГрузовые работы на танкере типа "Пекин"
210 _aМосква
_cТранспорт
_d1964
215 _a123 с., 2 л. черт.
_cил.
_d20
225 1 _aБиблиотека судоводителя морского флота
320 _aБиблиогр.: с. 121
606 _aГрузы наливные
_xПеревозки морские
_2psbo
606 _aТанкеры
_xЭксплуатация
_2psbo
700 1 _aСтепаненков
_bР.В.
_gРоальд Васильевич
701 1 _aКривобоков
_bА.В.
_gАлександр Васильевич
801 0 _aRU
_bNLR
_gpsbo
801 1 _aRU
_bELAR
_2rusmarc
852 _aNLR
_j64-4/11780
942 _cBOOK
980 _aNB